00610 2200217 4500001002100000005001500021035002000036008004100056245006400097100001700161260004300178300003100221020002200252084001800274082001100292650002300303863002000326700002400346990001100370990001100381INLIS00000000001173320220620094322 a0010-0622000243220620 a 0 ind 1 aDijaga Allah SWT /cAli Muakhir; editor, Safitri Lusiana D. aALI, Muakhir aBandung :bSygma Media Inovasi,c[s.a] a22 hal. :bilus. ;c19 cm. a978-623-928-734-4 a297.161 ALI d a297161 4aISLAM. CERITA ANAK aKisah Ulul Azmi0 aSAFITRI, Lusiana D. a7620 a a7620 b